000 01016nam a22002897i 4500
003 EG-GICUC
005 20260429120039.0
008 260429s1795 uk ||||fr|||| 000 0 eng d
040 _aEG-GiCUC
_beng
_cEG-GiCUC
_dEG-GiCUC
_erda
041 _aeng
_heng
082 0 4 _221
_a341.9
_bWA . E
092 0 4 _221
099 _aLaw 11 341.9 WA . E 1795
100 1 _aWard, Robert
_eAuthor.
245 1 2 _aAn Enquiry into the Foundation and History of the Law of Nations in Europe, from the Time of the Greeks and Romans, to the Age of Grotius ,
_nVolume Two /
_cBy Robert ward.
264 1 _aLondon;
_b A.strahan and W.woodfall,
_c1795.
300 _a625 pages :
_billustrations,
_c24 cm
336 _2rda content
_atext
337 _2rda media
_aComputer
338 _2rda carrier
_aOnline Resource
504 _aBibliography: pages 200-250.
650 1 _aPublic international law
_2qrmak
651 1 _2qrmak
856 4 0 _uhttps://fll.law.cu.edu.eg/fulltext/bks/B11-07472.pdf
905 _a31
942 _2ddc
_cBK
_e21
_n0
999 _c74150
_d74150